00882nam a22002297a 450000500170000001000130001702000110003003500130004103700160005404000120007008200300008210000470011224500770015924600380023626000760027427001140035030000530046465000490051765000430056665000250060965000180063420170124103020.0 aA-990216 c250.00 aA-990216 bCen Lib/Ret aDPLbHN aउ bतिवारी  aतिवारी, प्रहलाद  aप्रतिनायक /cप्रहलाद तिवारी  aPratinayak /bby Prahlaad Tiwari  aदिल्ली bअभिरुचि प्रकाशन c1999 a3/114, कर्ण गली, विश्वास नगर, शहदरा bदिल्ली e110032 a272पृ.c19सेमी(सजिल्द )  aहिंदी साहित्य x z  aहिंदी उपन्यास  aHindi literature v  aHindi fiction